| 000 | 00942nam a22002897a 4500 | ||
|---|---|---|---|
| 003 | DO-SdBNP | ||
| 005 | 20171130094209.0 | ||
| 008 | 171115b 1981 sp ||||| |||| 00| 0 spa d | ||
| 020 | _a8402079946 | ||
| 040 |
_aBPMSU _bspa _cBPMSU |
||
| 092 |
_axxxx _bxxxx |
||
| 100 | 1 |
_aBashevis Singer, Isaac, _d1904- |
|
| 240 | 1 | 0 |
_aShort friday _lEspañol |
| 245 | 1 | 0 |
_aUna boda en Brownsville / _cIsaac Bashevis Singer ; traducción: Juan del Solar y Patricia Cruzalegui. |
| 260 |
_aBarcelona : _bBruguera, _c1981. |
||
| 300 |
_a251 p. ; _c18 cm. |
||
| 490 | 1 | _aLiteratura Universal Bruguera | |
| 490 | 1 |
_aClub Bruguera _v75 |
|
| 500 | _aIncluye datos del autor | ||
| 700 | 1 | 2 |
_aSolar, Juan del, _etr. |
| 700 | 1 | 2 |
_aCruzalegui, Patricia, _etr. |
| 830 | 0 | _aLiteratura Universal Bruguera | |
| 830 | 0 |
_aClub Bruguera _v75 |
|
| 942 |
_2ddc _cBK |
||
| 945 | _aInventariado extranjero /2017 BT | ||
| 956 |
_aLOPEREZ _b10 _c20171114 _d0041 |
||
| 999 |
_c12883 _d12883 |
||